| 000 | 00578nam a22001577a 4500 | ||
|---|---|---|---|
| 003 | macl | ||
| 005 | 20170415131256.0 | ||
| 008 | 170415b xxu||||| |||| 00| 0 eng d | ||
| 040 | _cmacl | ||
| 082 | _a800/SHR | ||
| 100 |
_aश्रीवास्तव,डाँ स्नेहलता _967002 |
||
| 245 | _aहिन्दी भ्रमरगीत काव्य परम्परा | ||
| 260 |
_aदिल्दी _bराजेश प्रकाशन _c2014 |
||
| 650 |
_aकाव्य समीक्षा _948818 |
||
| 942 |
_2ddc _cHIN |
||
| 999 |
_c56230 _d56230 |
||